| 000 | 01846nam a2200505 i 4500 | ||
|---|---|---|---|
| 001 | 6316 | ||
| 003 | KOSZ 005 | ||
| 005 | 20220829115758.0 | ||
| 008 | 220817s1993 pl a f 001 0 pol | ||
| 015 | _aUWD 1994/1091 | ||
| 035 | _a991000371049705066 | ||
| 035 | _a(PL-WaBN)b10142563-48omnis_nlop | ||
| 035 | _ab10142563 | ||
| 035 | _a(OCoLC)833969003 | ||
| 035 | _a(PL)b0000001014256 | ||
| 035 | _a(EXLNZ-48OMNIS_NETWORK)9910409694705606 | ||
| 040 |
_aWA N _cWA N _dKOSZ 005/RW |
||
| 046 | _k1993 | ||
| 080 | _a532 | ||
| 080 | _a(075.8) | ||
| 080 | _a(076) | ||
| 100 | 1 |
_aPrystaj, Andrzej _eAutor |
|
| 245 | 1 | 0 |
_aZadania z hydrostatyki / _cAndrzej Prystaj ; [recenzent Jerzy Sobota] ; Politechnika Krakowska im. Tadeusza Kościuszki. |
| 260 |
_aKraków : _bWydawnictwo PK, _c1993. |
||
| 300 |
_a238 stron : _brysunki, wykresy ; _c24 cm. |
||
| 336 |
_aTekst _btxt _2rdacontent |
||
| 337 |
_aBez urządzenia pośredniczącego _bn _2rdamedia |
||
| 338 |
_aWolumin _bnc _2rdacarrier |
||
| 380 | _aKsiążki | ||
| 380 | _aPublikacje dydaktyczne | ||
| 385 |
_mPoziom nauczania _aSzkoły wyższe |
||
| 388 | 1 | _a1901-2000 | |
| 388 | 1 | _a1989-2000 | |
| 504 | _aBibliografia na stronie 57. Indeks. | ||
| 521 | 8 | _aSkrypt dla studentów wyższych szkół technicznych do przedmiotu Mechanika płynów. | |
| 650 | 7 |
_aHydrostatyka _2DBN |
|
| 655 | 7 |
_aĆwiczenia i zadania dla szkół wyższych _2DBN |
|
| 658 | _aInżynieria i technika | ||
| 700 | 1 |
_aSobota, Jerzy _d(1946- ) _eRecenzja |
|
| 710 | 2 | _aPolitechnika Krakowska im. Tadeusza Kościuszki | |
| 710 | 2 |
_aWydawnictwo Politechniki Krakowskiej _4pbl |
|
| 856 |
_uhttp://koha.tu.koszalin.pl/cgi-bin/koha/opac-detail.pl?biblionumber=6316 _yKatalog online BPK |
||
| 942 |
_2UKD _cKS |
||
| 999 |
_c6316 _d6316 |
||